00999nam a2200301 i 4500003000900000005001700009007000300026008004100029020001500070040003000085082001300115100003600128240002800164245006100192264004200253300004400295336002700339337003400366338002800400490003300428500002700461590002700488700003300515910001400548942001400562952010400576999001700680DO-SdBNP20240712155201.0ta240712b1989 sp a 001 0 spa d a8474196116 aDO-SdBNPbspacBNPHUerda 4bD2492221 aDavis, Jimeautord1945-9860751 aGarfield out to lunch /10aGarfield :ba tope /cJim Davis ; traducción J. Adsuar aBarcelona, España :bJunior,c1989. a[96] páginas :bilustracionesc13 cm. 2rdacontentatextobtxt 2rdamediaasin mediaciónbnc 2rdacarrieravolumenbnc1 aGrupo editorial grijalbov16 aLibro de caricaturas.  aInventariado, 2024/ YL1 aAdsuar, J.etraductor986076 aYlockward 2ddccLBS1 00102ddc56708GRaBNPHUbBNPHUcCTd2024-07-12l0oD249p2024-4413r2024-07-12w2024-07-12yLBS1 c57289d57289